Discursos leídos ante la Real Academia Española, (Record no. 172000)

MARC details
000 -LEADER
campo de control de longitud fija 01704nam a2200193 i 4500
001 - NÚMERO DE CONTROL
campo de control 172000
003 - IDENTIFICADOR DE NÚMERO DE CONTROL
campo de control ES-MaACL
005 - FECHA Y HORA DE LA ÚLTIMA TRANSACCIÓN
campo de control 20230929062538.0
008 - DATOS DE LONGITUD FIJA--INFORMACIÓN GENERAL
campo de control de longitud fija 090610s1872 sp |||| | spa d
080 ## - NÚMERO DE LA CLASIFICACIÓN DECIMAL UNIVERSAL
Número de la Clasificación Decimal Universal 821.134.2
080 ## - NÚMERO DE LA CLASIFICACIÓN DECIMAL UNIVERSAL
Número de la Clasificación Decimal Universal 811.134.2
110 2# - ENTRADA PRINCIPAL--NOMBRE DE ENTIDAD CORPORATIVA
Nombre de entidad corporativa o nombre de jurisdicción como elemento de entrada Real Academia Española
9 (RLIN) 6336
245 10 - MENCIÓN DEL TÍTULO
Título Discursos leídos ante la Real Academia Española,
Fechas extremas/inclusivas 1872 /
Mención de responsabilidad, etc. Real Academia Española.
260 ## - PUBLICACIÓN, DISTRIBUCIÓN, ETC.
Lugar de publicación, distribución, etc. Madrid :
Nombre del editor, distribuidor, etc. [s.n.],
Fecha de publicación, distribución, etc. 1872 (
Fabricante Imp. Rivadeneyra)
300 ## - DESCRIPCIÓN FÍSICA
Extensión 1 v. ;
Dimensiones 25 cm.
505 8# - NOTA DE CONTENIDO CON FORMATO
Nota de contenido con formato Contiene: De la elocuencia parlamentaria / Antonio Benavides (60 p.). Del drama lírico y de la lengua castellana como elemento musical / Antonio Arnao (41 p.). Contestación / Antonio María Segovia (p. 43-79). Teoría métrica de los romances castellanos / Luis Fernández-Guerra y Orbe (44 p.). Contestación / Aureliano Fernández-Guerra y Orbe (p.45-88). Del carácter de las pasiones en la tragedia y en el drama / Francisco de Paula Canalejas (47p.). Resumen de las tareas y actos de la Real Academia Española durante el año académico de 1875 a 1876 / Manuel Tamayo y Baus (32 p.). Elogio de D. Juan Nicasio Gallego / Antonio Arnao (31 p.). Causas de la decadencia de la literatura nacional bajo los últimos reinados de la Casa de Austria / Gaspar Nuñez de Arce (44 p.). Constestación / Juan Valera (p. 45-80). La moral en el arte / Pedro Antonio de Alarcón (44 p.). Contestación / Cándido Nocedal (p.45-74). La literatura aljamiada y la expulsión de los moriscos / Eduardo Saavedra (56 p.). Contestación / Antonio Cánovas del Castillo (p. 57-100). Apéndices al discurso de Eduardo Saavedra (p. 101-190).
852 ## - LOCALIZACIÓN
Ubicación ES-MaACL
Número de control de estantería K-143
Nota libre - Enc. pasta española
Holdings
Estatus retirado Estado de pérdida Estado de daño No para préstamo Colección Biblioteca de origen Biblioteca actual Ubicación en estantería Fecha de adquisición Total de préstamos Signatura topográfica completa Código de barras Visto por última vez Precio de reemplazo Tipo de ítem Koha
        Libros del s. XIX Biblioteca del Ateneo de Madrid Biblioteca del Ateneo de Madrid Administración 10/06/2009   K-143 1180506 23/02/2023 23/02/2023 Libro impreso antiguo